000 00407nam a2200169Ia 4500
008 210210b1937 xxu||||| |||| 00| 0 eng d
041 _aeng
082 _a381/119
100 _aWILSON (H A R J)
245 _aCompany accounting
260 _aLondon
_bSir Isaac Pitman & Sons Ltd.,
_c1937
300 _avii,417
650 _aCompany
650 _aaccounting
690 _aAccountancy
906 _a005165
999 _c125103
_d125103